000 00309nam a2200133Ia 4500
005 20251222155100.0
008 251222s9999||||xx |||||||||||||| ||spa||
082 _aREL.53
100 _aBOSCO Teresio.
245 0 _aDon Bosco una biografĂ­a nueva
250 _a1ra. ed.
264 _bNo tiene
942 _cLIB
999 _c37638
_d37638